00622 a2200133 4500003000500000005001700005040000900022082001800031245015900049260003100208300001100239505020100250650003700451Nust20230802102237.0 cNust a621.38456,WIR aWireless personal communications: The evolution of personal communications systems / ceditors Theodore S. Rappaport, Brian D. Woerner and Jeffrey H. Reed aLondon, bKluwer, c1996.  a212 p. aWireless Networks And Services (Page-1), Wireless CDMA (Page-58), Antennas, Propagation And System Design (Page-88), Simulation, Modulation And Equalization For Wireless Communications (Page-158). aWireless personal communications